000 00976nam2a2200205 4500
001 RU\NLR\PER_A\003154179_003600
005 20250624083454.0
035 _a(NLR Aleph) 012604501
090 _a12591799
_c12591799
100 _a20210928d2021 |||y0rusy50 ca
101 0 _arus
102 _aRU
200 0 _a2021, № 7 (763)
210 _d2021
_aБ. м.
461 0 _1001RU\NLR\INFOCOMM15\1000163947
_12001#$aБюллетень трудового и социального законодательства Российской Федерации$v2021, № 7 (763)
_93033142
_cМ.
_d1958-
_nРед. журн. "Бюл. труд. и социал. законодательства Российской Федерации
_tБюллетень трудового и социального законодательства Российской Федерации
_x0202-4004
_v2021, № 7 (763)
852 _aNLR
_jП23/2403
942 _cISSUE
980 _aNB
980 _aRUSPER